L'ancienne et la nouvelle prison / (Record no. 157207)

MARC details
000 -LEADER
campo de control de longitud fija 01342nam a2200277 i 4500
001 - NÚMERO DE CONTROL
campo de control 157207
003 - IDENTIFICADOR DE NÚMERO DE CONTROL
campo de control ES-MaACL
005 - FECHA Y HORA DE LA ÚLTIMA TRANSACCIÓN
campo de control 20250719062541.0
008 - DATOS DE LONGITUD FIJA--INFORMACIÓN GENERAL
campo de control de longitud fija 040811s1885 sp |||| | fre d
080 ## - NÚMERO DE LA CLASIFICACIÓN DECIMAL UNIVERSAL
Número de la Clasificación Decimal Universal 343.81
100 1# - ENTRADA PRINCIPAL--NOMBRE DE PERSONA
Nombre de persona Lastres y Juiz, Francisco,
Fechas asociadas al nombre 1848-1918
9 (RLIN) 70504
245 12 - MENCIÓN DEL TÍTULO
Título L'ancienne et la nouvelle prison /
Mención de responsabilidad, etc. par Francisco Lastres.
260 ## - PUBLICACIÓN, DISTRIBUCIÓN, ETC.
Lugar de publicación, distribución, etc. Madrid :
Nombre del editor, distribuidor, etc. [s.n.],
Fecha de publicación, distribución, etc. 1885 (
Fabricante Tip. de Manuel Ginés Hernández)
300 ## - DESCRIPCIÓN FÍSICA
Extensión 29 p. ;
Dimensiones 24 cm.
500 ## - NOTA GENERAL
Nota general "La reforme pènitentiaire en Espagne" -- cubierta
500 ## - NOTA GENERAL
Nota general Conferencia dada en el Ateneo de Madrid el 5 de junio de 1884.
610 24 - PUNTO DE ACCESO ADICIONAL DE MATERIA--NOMBRE DE ENTIDAD CORPORATIVA
Nombre de entidad corporativa o nombre de jurisdicción como elemento de entrada Ateneo de Madrid-
Subdivisión de forma Conferencias-
Subdivisión cronológica S.XIX.
9 (RLIN) 1910
650 04 - PUNTO DE ACCESO ADICIONAL DE MATERIA--TÉRMINO DE MATERIA
Término de materia o nombre geográfico como elemento de entrada Establecimientos penitenciarios-
Subdivisión geográfica España.
9 (RLIN) 145832
650 ## - PUNTO DE ACCESO ADICIONAL DE MATERIA--TÉRMINO DE MATERIA
Término de materia o nombre geográfico como elemento de entrada Derecho penitenciario-
Subdivisión geográfica España.
9 (RLIN) 176229
852 ## - LOCALIZACIÓN
Ubicación ES-MaACL
Número de control de estantería D-102(5)
itemnumber 163012
Sublocalización o colección R.FOLL.8/5
Ubicación en estantería Sala Valle Inclán
Signatura antigua Olim: 193-C-15
Donativo/Legado Donación: Francisco Lastres y Juiz
Encuadernación Encuadernado con otras obras formando un volumen facticio.
Anotaciones manuscritas Anotación manuscrita en portada: "Folletos penitenciarios. Tomo 15"
852 ## - LOCALIZACIÓN
Ubicación ES-MaACL
Número de control de estantería T-435-F-8
itemnumber 163011
Anotaciones manuscritas Dedicatoria autógrafa del autor
Donativo/Legado Donación: Francisco Lastres y Juiz
Ubicación en estantería Depósito folletos
903 ## - NOMBRE PERSONAL DE DONANTE
a Lastres y Juiz, Francisco,
d 1848-1918
q 1
e Donante
9 70504
942 ## - ELEMENTOS DE ENTRADA SECUNDARIOS (KOHA)
Fuente del sistema de clasificación o colocación Clasificación decimal universal
Tipo de ítem Koha Folleto
Holdings
Estatus retirado Estado de pérdida Fuente del sistema de clasificación o colocación Estado de daño No para préstamo Colección Biblioteca de origen Biblioteca actual Ubicación en estantería Fecha de adquisición Fuente de adquisición Total de préstamos Signatura topográfica completa Código de barras Visto por última vez Precio de reemplazo Tipo de ítem Koha Nota pública
    Clasificación decimal universal     Colección de folletos Biblioteca del Ateneo de Madrid Biblioteca del Ateneo de Madrid Depósito folletos 19/01/2009 Donación   T-435-F-8 1178511 23/02/2023 23/02/2023 Folleto Dedicatoria autógrafa del autor
    Clasificación decimal universal     Fondo Ateneo de Madrid Biblioteca del Ateneo de Madrid Biblioteca del Ateneo de Madrid Sala Valle Inclán 17/01/2008 Donación   D-102(5) 901164505 23/02/2023 23/02/2023 Folleto